English Words Borrowed by German Quiz Stats

 Plays Quiz not verified by Sporcle

Score 0/16 Timer 04:00
0 Plays Today
% Correct
City
92.9%
Nord Stream
92.9%
Streetworker
92.9%
Bodybag
90.5%
Sprayer
88.1%
Public Viewing
88.1%
Peeling
85.7%
Showmaster
85.7%
% Correct
Dressman
83.3%
Outing
81%
Trampen
78.6%
Handy
71.4%
Beamer
66.7%
Smoking
61.9%
Timer
57.1%
Youngtimer
52.4%

You're not logged in!

Compare scores with friends on all Sporcle quizzes.
OR
Log In

Sporcle TV

Today on Sporcle TV


Watch our educational content, quiz creation guides, and fun videos on Sporcle TV.

Show Comments

Extras

Top Quizzes Today


Score Distribution

Your Account Isn't Verified!

In order to create a playlist on Sporcle, you need to verify the email address you used during registration. Go to your Sporcle Settings to finish the process.

Report this User

Report this user for behavior that violates our Community Guidelines.

Details: